| 000 | 00000nam##2200000za#4500 |
| 001 | 9.695826 |
| 003 | CaOODSP |
| 005 | 20210624234743 |
| 007 | cr ||||||||||| |
| 008 | 150407|1999||||xxc|||||o f|0| 0 eng|d |
| 040 | |aCaOODSP|beng |
| 043 | |an-cn--- |
| 086 | 1 |aEn105-58/2000E-PDF |
| 110 | 1 |aCanada. |bCanadian Environmental Assessment Agency. |
| 245 | 10|aConsolidated regulations under the Canadian Environmental Assessment Act : |h[electronic resource]|binclusion list, exclusion list, comprehensive study list, law list |
| 260 | |bCanadian Environmental Assessment Agency |c[1999]. |
| 300 | |a63p. |
| 500 | |aAmended November 1999. |
| 590 | |a12-16-Supp|b2012-04-17 |
| 690 | 07|aEnvironmental impact assessment|2gcpds |
| 690 | 07|aEnvironmental law|2gcpds |
| 690 | 07|aEnvironmental management|2gcpds |
| 775 | 08|tCodification des règlements en vertu de la Loi canadienne sur l'évaluation environnementale : |w(CaOODSP)9.639934 |
| 776 | 0#|tConsolidated regulations under the Canadian Environmental Assessment Act : |w(CaOODSP)9.647756 |
| 856 | 40|ahttp://publications.gc.ca|qPDF|s144 KB|uhttps://publications.gc.ca/collections/Collection/En105-58-2000E.pdf |